| 000 | 00000nam 2200000zi 4500 |
| 001 | 9.920815 |
| 003 | CaOODSP |
| 005 | 20230512082450 |
| 006 | m o d f |
| 007 | cr mn||||||||| |
| 008 | 230310e202305 quca ob f000 0 fre d |
| 020 | |a9780660479743 |
| 040 | |aCaOODSP|bfre|erda|cCaOODSP |
| 043 | |an-cn--- |
| 086 | 1 |aEn84-332/2023F-PDF |
| 245 | 00|aÉvaluation préalable : |b7-(diéthylamino)-4-méthylbenzopyr-2-one (coumarine 1) : numéro de registre du Chemical Abstracts Service 91-44-1. |
| 264 | 1|a[Gatineau, Québec] : |bGouvernement du Canada = Government of Canada, |cmai 2023. |
| 300 | |a1 ressouce en ligne (i, iii, 32 pages) : |billustrations |
| 336 | |atexte|btxt|2rdacontent/fre |
| 337 | |ainformatique|bc|2rdamedia/fre |
| 338 | |aressource en ligne|bcr|2rdacarrier/fre |
| 500 | |aPublié aussi en anglais sous le titre : Screening assessment : 2H-1-benzopyran-2-one, 7-(diethylamino)-4-methyl-(coumarin 1) : Chemical Abstracts Service Registry number 91-44-1. |
| 504 | |aComprend des références bibliographiques (pages 18-21). |
| 650 | 6|aCoumarines|xÉvaluation du risque|zCanada. |
| 650 | 6|aCoumarines|xAspect de l'environnement|zCanada. |
| 650 | 6|aCoumarines|xAspect sanitaire|zCanada. |
| 650 | 6|aCoumarines|xToxicologie|zCanada. |
| 710 | 1 |aCanada. |bEnvironnement et changement climatique Canada, |eorganisme de publication. |
| 710 | 1 |aCanada. |bSanté Canada, |eorganisme de publication. |
| 775 | 08|tScreening assessment : |w(CaOODSP)9.920814 |
| 856 | 40|qPDF|s580 Ko|uhttps://publications.gc.ca/collections/collection_2023/eccc/En84-332-2023-fra.pdf |